000 00459pab a2200169 454500
008 180718b1995 xxu||||| |||| 00| 0 eng d
100 _aPal, S.P.
245 _aStrategies to improve school enrolment rate in India
260 _c1995
300 _ap.159-68
362 _aApr
650 _aSchools - India
650 _aEducation, Primary - India
700 _aPant, D.K.
773 _aJournal of Educational Planning and Administration
909 _a29921
999 _c29921
_d29921